00983ntm a22002417a 450000500170000000800410001704000280005808200170008610000320010324501410013526000100027630000350028650001790032159000100050065000390051065300230054965500090057270000250058177700090060694200080061599900170062395201010064020170813160157.0170802s2013 xx a frb 000 0 eng d aEG-ScBUEbengcEG-ScBUE04222a624bSAA1 aSaad El Din, Hassan Khaled.10aCreating fragility function function and identification of performance based damage in earthquake engineer /cHassan Khaled Saad El Din. c2013. a71 p. :bill. (col.) ;c28 cm. aA dissertation submitted to the Faculty of Engineering the British University in Egypt,in partial fulfillment of the requirements for the bachelor degree in civil engineering anagwa 72BUEshaCivil EngineeringvProjects bENGCIVcAugust2017 vSPRO1 aShedid, Marwan.eths ASPRO 2ddc c25405d25377 00102ddc4070aMAINbMAINc2NDd2017-08-10l0o624 SAAp000042030r2025-07-15 00:00:00yPROJST